Vĩ đại một con người

Gespeichert in:
Bibliographische Detailangaben
1. Verfasser: Trần, Văn Giàu
Format: Buch
Sprache:Undetermined
Veröffentlicht: Thành phố Hồ Chí Minh Trẻ 2005
Schlagworte:
Tags: Tag hinzufügen
Keine Tags, Fügen Sie den ersten Tag hinzu!
Thư viện lưu trữ: Trung tâm Học liệu Trường Đại học Cần Thơ
LEADER 00555nam a2200205Ia 4500
001 CTU_94452
008 210402s9999 xx 000 0 und d
020 |c 21000 
082 |a 324.2075092 
082 |b Gi111 
100 |a Trần, Văn Giàu 
245 0 |a Vĩ đại một con người 
245 0 |c Trần Văn Giàu 
260 |a Thành phố Hồ Chí Minh 
260 |b Trẻ 
260 |c 2005 
650 |a Ho Chi Minh 
650 |x Biography 
904 |i Trúc 
980 |a Trung tâm Học liệu Trường Đại học Cần Thơ